[Event "GER-chT U14 Girls"]
[Site "Stuttgart"]
[Date "2007.12.29"]
[Round "5.2"]
[White "Draeger, Janine"]
[Black "Steffens, Skrolan"]
[Result "0-1"]
[WhiteElo "908"]
[BlackElo "959"]
[PlyCount "112"]
[EventDate "2007.12.27"]
[EventType "team-swiss"]
[EventRounds "7"]
[EventCountry "GER"]
[SourceTitle "EXT 2009"]
[Source "ChessBase"]
[SourceDate "2008.11.26"]
[SourceVersion "1"]
[SourceVersionDate "2008.11.26"]
[SourceQuality "1"]
[WhiteTeam "Gryps SV U14 Girls"]
[BlackTeam "Stader SV U14 Girls"]
[WhiteTeamCountry "GER"]
[BlackTeamCountry "GER"]

1. e4 d5 2. exd5 Qxd5 3. Nc3 Qa5 4. d4 Nf6 5. Bc4 c6 6. Bd2 Qc7 7. Nf3 Bg4 8. h3 Bh5 9. Qe2 Nbd7 10. 0-0-0 0-0-0 11. g4 Bg6 12. d5 c5 13. Nb5 Qb8 14. Bc3 a6 15. Ne5 axb5 16. Nxd7 Nxd7 17. Bxb5 Nb6 18. Ba5 Qa7 19. Bxb6 Qxb6 20. b4 cxb4 21. Qc4+ Qc7 22. Qxc7+ Kxc7 23. Rd4 Kb6 24. Ba4 Kc5 25. Rhd1 e6 26. f3 Bd6 27. h4 Be5 28. R4d2 Bf4 29. h5 Bxd2+ 30. Rxd2 Bxh5 31. gxh5 Rxd5 32. Rxd5+ Kxd5 33. Kb2 Kd4 34. Kb3 Ke3 35. Kxb4 Kxf3 36. c4 e5 37. c5 e4 38. Bd1+ Kf2 39. Kb5 e3 40. Bg4 e2 41. Bxe2 Kxe2 42. a4 f5 43. Kb6 f4 44. Kxb7 f3 45. a5 f2 46. c6 f1Q 47. a6 Qb1+ 48. Kc7 Qb8+ 49. Kd7 Qa7+ 50. c7 Qxa6 51. h6 Qxh6 52. c8Q Rxc8 53. Kxc8 Qe6+ 54. Kc7 Kd3 55. Kd8 Kc4 56. Kc7 Qd5 0-1

[Event "GER-chT U14 Girls"]
[Site "Stuttgart"]
[Date "2007.12.27"]
[Round "1.2"]
[White "Nguyen Minh, Thuy"]
[Black "Steffens, Skrolan"]
[Result "1-0"]
[WhiteElo "1733"]
[BlackElo "959"]
[PlyCount "151"]
[EventDate "2007.12.27"]
[EventType "team-swiss"]
[EventRounds "7"]
[EventCountry "GER"]
[SourceTitle "EXT 2009"]
[Source "ChessBase"]
[SourceDate "2008.11.26"]
[SourceVersion "1"]
[SourceVersionDate "2008.11.26"]
[SourceQuality "1"]
[WhiteTeam "Chemnitz USG U14 Girls"]
[BlackTeam "Stader SV U14 Girls"]
[WhiteTeamCountry "GER"]
[BlackTeamCountry "GER"]

1. e4 d5 2. exd5 Qxd5 3. Nc3 Qa5 4. d4 c6 5. Bc4 Nf6 6. Nge2 Bf5 7. 0-0 Nbd7 8. Ng3 Bg6 9. Bf4 e6 10. a3 Qd8 11. Re1 Be7 12. Qd2 0-0 13. Rad1 Nb6 14. Bb3 Bd6 15. Nce2 Qc7 16. c4 Bxf4 17. Nxf4 Rad8 18. Nxg6 hxg6 19. Qg5 Rd7 20. Ne4 Nh7 21. Qh4 Rfd8 22. Re3 Rxd4 23. Rxd4 Rxd4 24. Nf6+ Nxf6 25. Qxd4 Nbd7 26. Rh3 Qa5 27. Kf1 Kf8 28. Qd6+ Kg8 29. Qd4 Qc5 30. Qh4 Qh5 31. Qf4 Qe5 32. Qxe5 Nxe5 33. f4 Neg4 34. Bd1 Nh6 35. Rd3 Kf8 36. Rd8+ Ke7 37. Rb8 b6 38. Rb7+ Nd7 39. Rxa7 Nf5 40. Kf2 Kd6 41. g4 Ne7 42. b4 f5 43. g5 e5 44. fxe5+ Nxe5 45. c5+ bxc5 46. bxc5+ Ke6 47. Bb3+ Nd5 48. Bxd5+ Kxd5 49. Rxg7 Kxc5 50. Re7 Nc4 51. Re6 Nxa3 52. Rxg6 Nc4 53. h4 Ne5 54. Rg8 Nd3+ 55. Ke3 Kc4 56. Rf8 f4+ 57. Rxf4+ Nxf4 58. Kxf4 Kd4 59. g6 c5 60. g7 c4 61. g8Q c3 62. Qc8 Kd3 63. h5 c2 64. h6 Kd2 65. h7 c1Q 66. Qxc1+ Kxc1 67. h8Q Kc2 68. Qh3 Kd2 69. Qf3 Kc2 70. Ke4 Kd2 71. Qe3+ Kc2 72. Kd4 Kb2 73. Qc3+ Kb1 74. Qd2 Ka1 75. Kc3 Kb1 76. Qb2# 1-0